000 00469nam a2200193 a 4500
001 1758452259855
003 ACL
005 20250921163104.0
008 250921s2006##################000#0#eng##
020 _a9780340905715
082 0 4 _a795.028546
_bLEV
100 1 _aLevez, Belinda,
_eauthor.
245 1 0 _aHow to Win at Online Gambling :
260 _c2006.
300 _a200 pages
650 0 _aInternet gambling.
942 _cENGLISH
040 _aACL
_beng
_cACL
999 _c588605
_d588605